000 00544nam a22001937a 4500
003 LK-CoMWRAF
005 20231018092026.0
008 231018b |||||||| |||| 00| 0 eng d
020 _a0844203580
040 _aLK-CoMWRAF
_dLK-CoMWRAF
_eLK-CoMWRAF
041 _aeng
082 _a858.91
_bEMR
100 _aEmra, Bruce
245 _aLiterature :
_bAbout youth and adolescence
260 _aIllinois :
_bNational textbook company,
_c1999
490 _aComing of age - Volume two
650 _aLiterature--Youth and adolescence
942 _cBK
999 _c3925
_d3925